| 000 | 00803nam a2200265Ia 4500 | ||
|---|---|---|---|
| 001 | Z_427 | ||
| 003 | CHAP | ||
| 008 | 220113s1975 xx 000 0 und d | ||
| 010 | _a163403 | ||
| 040 | _cCHAP | ||
| 090 | _aTesis G 51 | ||
| 100 |
_aGómez Aguilar, José Roberto _949604 |
||
| 245 |
_aDiagnóstico de los recursos dedicados a la investigación pecuaria regional del I.N.I.P. / _cpor José Roberto Gómez Aguilar |
||
| 260 |
_aChapingo, Méx. : _bEl autor, _c1975 |
||
| 300 | _a36 h. apénd. | ||
| 502 | _aTesis (Ing. Agrónomo Esp. en Zootecnia) -- ENA. Departamento de Zootecnia | ||
| 650 |
_aGanadería _xInvestigación . _944756 |
||
| 650 |
_aInvestigación _xCostos _960229 |
||
| 901 | _aTESIS G 51 | ||
| 902 | _aM | ||
| 910 | _a1975 | ||
| 942 | _c2 | ||
| 942 | _c2 | ||
| 999 |
_c163403 _d163403 |
||